header

Dramaturgy of sound in the avant-garde and postdramatic theatre (Record no. 37179)

MARC details
000 -LEADER
fixed length control field 01240nam a2200313 a 4500
082 04 - DEWEY DECIMAL CLASSIFICATION NUMBER
Classification number 792.024
100 1# - MAIN ENTRY--AUTHOR NAME
Personal name Ovadija, Mladen.
245 10 - TITLE STATEMENT
Title Dramaturgy of sound in the avant-garde and postdramatic theatre
260 ## - PUBLICATION, DISTRIBUTION, ETC. (IMPRINT)
Place of publication Montreal :
Name of publisher McGill-Queen's University Press,
Year of publication 2013.
300 ## - PHYSICAL DESCRIPTION
Number of Pages vii, 252 p.
650 #0 - SUBJECT ADDED ENTRY--TOPICAL TERM
Topical Term Theaters
Topical Term Experimental theater
Topical Term Avant-garde (Aesthetics)
856 40 - ELECTRONIC LOCATION AND ACCESS
Uniform Resource Identifier http://site.ebrary.com/lib/rucke/Doc?id=10728387

No items available.

© 2026 Rongo University
Contact us: librarian | system librarian | Rongo university